01841agaaa2200313 45000010005000000030009000050050017000140070009000310080040000400400023000800410013001031000048001161300019001642400023001832450211002062460016004172500022004332600139004553000033005945080164006275110078007915200394008695380016012635460013012796500056012927000060013487000062014087000057014703412IT-RoPAU20220918181244.0d cvaizq50131s9999||||xx ||| | || ||und|| aIT-RoPAUcIT-RoPAU aITALIANO aGodard Jean-LucgCodice regista SPICS: 5975 aDISPREZZO (IL) aMEPRIS (LE)gT0472 aDISPREZZO (IL)cProdotto da: Ponti Carlo -- Sceneggiatura: Godard Jean-Luc Tratto Dal Romanzo Omonimo Di Moravia Alberto -- Diretto da: Godard Jean-LucpDISPREZZO (IL) (Rif. Codice opera principale : 63412) aMEPRIS (LE) aEdizione Standard aROMA - PARIGI (FRANCIA)bCHAMPION - LES FILMS CONCORDIA / Distribuzione: RETE QUATTROg"1963 (1° ed.: 1988 ; Ed. Lingua Orig.: 1963)" aVHSbsonoro, col.c90 minuti a"Fotografia: Coutard Raoul; Montaggio: Guillemot Agnes; Musica: Piccioni Piero; Sceneggiatura: Godard Jean-Luc Tratto Dal Romanzo Omonimo Di Moravia Alberto; " a"Bardot Brigitte; Piccoli Michel; Lang Fritz; Palance Jack; Moll Georgia" aUNO SCRITTORE DI GIALLI VIENE CHIAMATO DA UN PRODUTTORE AMERICANO PER SCENEGGIARE UN FILM SULL'ODISSEA IL PRODUTTORE NON NASCONDE LA CORTE ASSIDUA DICUI FA OGGETTO EMILIA LA GIOVANE MOGLIE DELLO SCRITTORE QUESTO PROVOCA LA ROTTURA DEFINITIVA FRA I DUE SPOSI EMILIA NEL TORNARE A ROMA IN COMPAGNIA DEL PRODUTTORE PERISCE MISERAMENTE IN UN INCIDENTE AUTOMOBILISTICO FILM DRAMMATICO A COLORI. aPAL, STEREO aITALIANO aDRAMMATICOeFILMS [VHS]xCodice MATERIA SPICS: 9960 aGodard Jean-Luc e(regista)gCodice regista SPICS: 5975 aGodard Jean-Luc e(soggetto)gCodice Soggetto SPICS: 5975 aPiccioni Pieroe(musica)gCodice Musica SPICS: 11072